Buy-to-let market charter issued (Record no. 69906)
[ view plain ]
| 000 -LEADER | |
|---|---|
| fixed length control field | 00814cam a2200193 4500 |
| 001 - CONTROL NUMBER | |
| control field | WB3812-26 |
| 008 - FIXED-LENGTH DATA ELEMENTS--GENERAL INFORMATION | |
| fixed length control field | 020403n2002 000 0 eng u |
| 035 ## - SYSTEM CONTROL NUMBER | |
| System control number | (Sirsi) u117340 |
| 245 ## - TITLE STATEMENT | |
| Title | Buy-to-let market charter issued |
| 260 ## - PUBLICATION, DISTRIBUTION, ETC. | |
| Date of publication, distribution, etc. | 2002 |
| 490 ## - SERIES STATEMENT | |
| Series statement | Investors Chronicle |
| Volume/sequential designation | 139(1776) 28 March 2002, 42(1) |
| 520 ## - SUMMARY, ETC. | |
| Summary, etc. | Association of Residential Letting Agents has issued a charter laying out guidelines for buy-to-let investors, lenders and letting agents. Only five lenders have put their name to this, so it does not form the basis for standard industry practice, but it may help to bring some order to a disparate marketplace. |
| 590 ## - LOCAL NOTE (RLIN) | |
| Local note | WB |
| 650 ## - SUBJECT ADDED ENTRY--TOPICAL TERM | |
| Topical term or geographic name entry element | ARLA |
| 650 ## - SUBJECT ADDED ENTRY--TOPICAL TERM | |
| Topical term or geographic name entry element | BUY-TO-LET |
| 650 ## - SUBJECT ADDED ENTRY--TOPICAL TERM | |
| Topical term or geographic name entry element | ASSOCIATION OF RESIDENTIAL LETTING AGENTS |
| 690 ## - LOCAL SUBJECT ADDED ENTRY--TOPICAL TERM (OCLC, RLIN) | |
| Topical term or geographic name as entry element | PROPERTY MANAGEMENT |
| 9 (RLIN) | 6262 |
| 942 ## - ADDED ENTRY ELEMENTS (KOHA) | |
| Suppress in OPAC | 0 |
| Withdrawn status | Lost status | Source of classification or shelving scheme | Damaged status | Not for loan | Home library | Current library | Shelving location | Date acquired | Total Checkouts | Full call number | Barcode | Date last seen | Copy number | Price effective from | Koha item type |
|---|---|---|---|---|---|---|---|---|---|---|---|---|---|---|---|
| Dewey Decimal Classification | London | London | News article | 03/04/2002 | WB3812-26 | 117340-1001 | 06/08/2019 | 1 | 06/08/2019 | News article |